00523nam a2200193 a 4500001001300000003000900013005001700022008004100039020002300080082001500103100002000118245005800138260002400196300000800220500003500228505001500263650003100278700002000309nice12345678IN_TiNIC20260116012807.0050524s1980 gena grp 000 0 eng  a2825451 c10000a261.7bBEN aBent, Ans J Van aChristians and Communistsb an Ecumenical Perspective aGeneva bWCC c1980 a80p aincludes index and biblioraphy2 aRoman Urdu aChristianity and Communism1 aBent, Ans J Van